1793 1359 1826 1617 1793 1001 1417 1814 1706 1856 1066 1277 1252 1451 1988 1684 1985 1316 1775 1511 1477 1590 1215 1735 1795 1873 1271 1932 1276 1826 1880 1043 1552 1675 1292 1895 1699 1664 1889 1836 1990 1544 1859 1783 1858 1398 1118 1601 1802 1998 1462 1863 1377 1075 1926 1949 1620 1175 1969 1613 1567 1563 1453 1355 1440 1348 1245 1062 1738 1889 1048 1578 1331 1146 1711 1126 1772 1963 1854 1480 1672 1194 1039 1541 1394 1441 1268 1110 1772 1899 1016 1761 1714 1012 1042 1861 1320 1631 1312 BCNSPRNW ULIB Ver.6.0+V

เปลี่ยนเป็นภาษาไทย

Change to English
 แสดงรายละเอียดบรรณานุกรม
  กลับหน้าหลัก

Brief Record : Get Marc (ISO 2709) : E-mail record : QR code < ปิดหน้าต่าง
LEADER : 00000nam 2200000uu 4500
001    13399122144
003     ULIB
008    130107s2552||||th 000 0 tha d
020    ^a9789745181519
090    ^aนว.^bส174ร 2552
100 0  ^aสเตฟนี เมเยอร์
245 00 ^aTwilight แรกรัตติกาล/^cสเตฟนี เมเยอร์
250    ^aพิมพ์ครั้งที่ 15
260    ^aกรุงเทพฯ :^bปราชญ์เปรียว,^c2552
300    ^a452 หน้า
710 1  ^aปราชญ์เปรียว
945    ^p285^l0^i026728
995    ^aทศพร
999    ^aใช้งานได้ทุกระบบ
รายการนี้ยังไม่มีแท็ก
คุณยังไม่ได้ล็อกอิน คุณสามารถมีกิจกรรมร่วมกับเว็บไซต์ได้ แต่ต้องล็อกอินก่อน ::
  ล็อกอิน

รายการสื่อสารสนเทศ

ลำดับที่ ประเภท เลขเรียก/บาร์โค้ด สถานที่ สถานะ
1. นวนิยาย
นวนิยาย
นว. ส174ร 2552 ฉ.1 
  Barcode: 026728
ห้องสมุดวิทยาเขตสวรรค์ประชารักษ์
►นวนิยาย
บนชั้น
  ขอยืม

รายการใกล้เคียง
    ผู้แต่ง [สเตฟนี เมเยอร์]

BibComment


ยังไม่เคยถูกคอมเมนท์

คอมเมนท์ทรัพยากรรายการนี้
  คอมเมนท์: Twilight แรกรัตต..


 Copyright 2026. Bcnsprnw @Library